000 00713nam a22002057a 4500
999 _c20902
_d20902
003 AR-CdUCM
008 190402b ||||| |||| 00| 0 spa d
040 _aMUNICIPALIDAD PROVINCIAL DEL CUSCO
_cBIBLIOTECA MUNICIPAL DEL CUSCO
082 _aEP / 372.64 /
_bD25
100 _aDaroqui, Julia
_943529
245 _aFestival de Walt Disney /
260 _bSigmar,
_aBuenos Aires :
_c1963.
300 _bIlustraciones,
_c34 cm.
_a60 páginas ;
440 _aColeccion Estrella
_943616
505 _aContenido : Mickey pelea com Pete el negro -- Donal y el gran campeonato -- Patilludo y la abuela Donalda...
650 _aLiteratura infantil
_9588
650 _aCuentos
_9217
942 _2ddc
_cLIBROS
945 _arcc